000
00429nam a2200145Ia 4500
008
090123s9999 xx 000 0 und d
082
_b
38986
245
_a
श्री गणेश उपासना
250
_a
1
260
_b
अनघा प्रकाशन
_c
2005
300
_a
104
630
_a
श्री गणेश उपासना
730
_a
श्री गणेश उपासना
942
_c
BOOK
999
_c
77055
_d
77055